| 000 | 04500cam a22018014i 4500 | ||
|---|---|---|---|
| 003 | PE-LiUPU | ||
| 005 | 20250813165345.0 | ||
| 008 | 070920s2004 ck a b 000 0 spa d | ||
| 020 | _a9583357391 | ||
| 020 | _a9789583357398 | ||
| 035 | _a(Sirsi) i9789583357398 | ||
| 040 |
_aUYB _bspa _cUYB _dBDX _dOCLCO _dOCLCQ _dPE-LiUPU |
||
| 049 | _aPRUA | ||
| 080 |
_a658.15 _bG24 _220 |
||
| 100 | 1 |
_aGarcía Padilla, Víctor Manuel, _eautor, |
|
| 245 | 1 | 0 |
_aAnálisis financiero : _bun enfoque integral / _cVíctor Manuel García Padilla. |
| 264 |
_aMexico : _bPatria, _c2015. |
||
| 300 |
_a450 páginas : _bilustraciones ; _c27 centímetros. |
||
| 336 |
_text _2rdacontent |
||
| 337 |
_unmediated _2rdamedia |
||
| 338 |
_volume _2rdacarrier |
||
| 504 | _aBibliografía: páginas 443-450. | ||
| 505 | 0 | _aAnálissi finaciero integral -- Análisis de la organizazión -- Análisis estratégico y operacional -- Análisis fiscal y legal -- Análisis económico y político -- Estados financieros y reportes contables -- Análisis de los estados fiancieros -- Modelos predictivos y de crecimiento -- Valuación de inversiones y control interno -- Modelos de la evaluación de la calidad crediticia y riesgo bancario -- Análisis de desempeño y reputación empresarial. | |
| 526 | _aP203 | ||
| 526 | _aP200 | ||
| 526 | _aSEG65 | ||
| 526 | _aSEG64 | ||
| 526 | _aSEG63 | ||
| 526 | _aSEG62 | ||
| 526 | _aSEG61 | ||
| 526 | _aSEG60 | ||
| 526 | _aSEG59 | ||
| 526 | _aSEG58 | ||
| 526 | _aSEG57 | ||
| 526 | _aSEG56 | ||
| 526 | _aSEG55 | ||
| 526 | _aSEG54 | ||
| 526 | _aSEG53 | ||
| 526 | _aSEG52 | ||
| 526 | _aSEG51 | ||
| 526 | _aSEG50 | ||
| 526 | _aSEG49 | ||
| 526 | _aSEG48 | ||
| 526 | _aSEG47 | ||
| 526 | _aSEG46 | ||
| 526 | _aSEG24 | ||
| 526 | _aSEG23 | ||
| 526 | _aSEG22 | ||
| 526 | _aSEG21 | ||
| 526 | _aSEG20 | ||
| 526 | _aSEG19 | ||
| 526 | _aSEG18 | ||
| 526 | _aSEG17 | ||
| 526 | _aSEG16 | ||
| 526 | _aSEG14 | ||
| 526 | _aSEG13 | ||
| 526 | _aSEG12 | ||
| 526 | _aSEG11 | ||
| 526 | _aSEG10 | ||
| 526 | _aSEG09 | ||
| 526 | _aSEG06 | ||
| 526 | _aSEG05 | ||
| 526 | _aSEG04 | ||
| 526 | _aSEG03 | ||
| 526 | _aSEG02 | ||
| 526 | _aSEG68 | ||
| 526 | _aSEG66 | ||
| 526 | _aSEG45 | ||
| 526 | _aSEG25 | ||
| 526 | _aSEG01 | ||
| 526 | _aP163 | ||
| 526 | _aP162 | ||
| 526 | _aP161 | ||
| 526 | _aP160 | ||
| 526 | _aP159 | ||
| 526 | _aP158 | ||
| 526 | _aP157 | ||
| 526 | _aP156 | ||
| 526 | _aP155 | ||
| 526 | _aP154 | ||
| 526 | _aP153 | ||
| 526 | _aP152 | ||
| 526 | _aP151 | ||
| 526 | _aP150 | ||
| 526 | _aP149 | ||
| 526 | _aP142 | ||
| 526 | _aP141 | ||
| 526 | _aP140 | ||
| 526 | _aP139 | ||
| 526 | _aP138 | ||
| 526 | _aP137 | ||
| 526 | _aP132 | ||
| 526 | _aP131 | ||
| 526 | _aP130 | ||
| 526 | _aP126 | ||
| 526 | _aP125 | ||
| 526 | _aP124 | ||
| 526 | _aP123 | ||
| 526 | _aP115 | ||
| 526 | _aP122 | ||
| 526 | _aP121 | ||
| 526 | _aP116 | ||
| 526 | _a P114 | ||
| 526 | _aP112 | ||
| 526 | _aP111 | ||
| 526 | _aP104 | ||
| 526 | _aP103 | ||
| 526 | _aP102 | ||
| 526 | _aP101 | ||
| 526 | _aP100 | ||
| 526 | _aP96 | ||
| 526 | _aP95 | ||
| 526 | _aP93 | ||
| 526 | _aP92 | ||
| 526 | _aP91 | ||
| 526 | _aP88 | ||
| 526 | _aP83 | ||
| 526 | _aP82 | ||
| 526 | _aP79 | ||
| 526 | _aP78 | ||
| 526 | _aP75 | ||
| 526 | _aP74 | ||
| 526 | _aP71 | ||
| 526 | _aP69 | ||
| 526 | _a P51 | ||
| 526 | _aP49 | ||
| 526 | _aP48 | ||
| 526 | _aP47 | ||
| 526 | _aP33 | ||
| 526 | _aP31 | ||
| 526 | _a P30 | ||
| 526 | _aP29 | ||
| 526 | _aP27 | ||
| 526 | _aP26 | ||
| 526 | _aP25 | ||
| 526 | _aP24 | ||
| 526 | _a P22 | ||
| 526 | _aP10 | ||
| 526 | _aP09 | ||
| 526 | _a P08 | ||
| 526 | _aP06 | ||
| 526 | _aP05 | ||
| 526 | _aP04 | ||
| 526 | _aP01 | ||
| 541 | _g030-0020067; | ||
| 650 | 1 | 4 |
_aEmpresas comerciales _xFinanzas. |
| 650 | 2 | 4 |
_aSociedades anónimas _xFinanzas. _94740 |
| 942 |
_2ddc _cBOOK |
||
| 949 |
_a658.15 G24 _wDEWEY _c1 _i73960 _d2016-10-19 _e2016-10-19 _kCHECKEDOUT _lCCODEBUL1 _mBUL _n1 _p14.69 _rM _sY _tBOOK _u2016-5-25 _xFCE _PP47 _0COMPRA _o.STAFF. Colección Ciencias Empresariales |
||
| 994 |
_aC0 _bPEPRU |
||
| 596 | _a1 | ||
| 999 |
_a658.15 G24 _wDEWEY _c10309 _i73960 _d10309 _e2019-3-13 _f2021-11-8 _g4 _lCCODEBUL1 _mBUL _n5 _p14.69 _q13 _r0 _sY _tBOOK _u2016-5-25 _xFCE _zP47 _0COMPRA _o.STAFF. Posgrado |
||
| 980 |
_81 _gALBERTO SANCHEZ Responsable de Automatización |
||